000
00239nam a2200097Ia 4500
001
865727
005
20250826175534.0
008
250824s9999 xx 000 0 und d
245
0
_a
VAZGEÇTİM
_c
KAHRAMAN TAZEOĞLU
260
_b
DESTEK YAYINLARI
999
_c
865727
_d
865727